<?xml version="1.0" encoding="UTF-8"?>
<record
    xmlns:xsi="http://www.w3.org/2001/XMLSchema-instance"
    xsi:schemaLocation="http://www.loc.gov/MARC21/slim http://www.loc.gov/standards/marcxml/schema/MARC21slim.xsd"
    xmlns="http://www.loc.gov/MARC21/slim">

  <leader>01970nam a2200169 a 4500</leader>
  <controlfield tag="001">000045577</controlfield>
  <controlfield tag="003">OSt</controlfield>
  <controlfield tag="005">20201207082300.0</controlfield>
  <controlfield tag="008">150415s2009    dr a          000 0 spa d</controlfield>
  <datafield tag="040" ind1=" " ind2=" ">
    <subfield code="a">DO-SdBNP</subfield>
    <subfield code="b">spa</subfield>
    <subfield code="c">BNPHU</subfield>
  </datafield>
  <datafield tag="245" ind1="0" ind2="0">
    <subfield code="a">Nuestra verde navidad /</subfield>
    <subfield code="c">investigaci&#xF3;n y selecci&#xF3;n Kin S&#xE1;nchez.</subfield>
  </datafield>
  <datafield tag="260" ind1=" " ind2=" ">
    <subfield code="a">[Santo Domingo] :</subfield>
    <subfield code="b">Operaci&#xF3;n &#xD1;,</subfield>
    <subfield code="c">2009.</subfield>
  </datafield>
  <datafield tag="300" ind1=" " ind2=" ">
    <subfield code="a">42 p. :</subfield>
    <subfield code="b">il. ;</subfield>
    <subfield code="c">28 cm.</subfield>
  </datafield>
  <datafield tag="505" ind1="0" ind2=" ">
    <subfield code="t">Introducci&#xF3;n --</subfield>
    <subfield code="g">Art&#xED;culos :</subfield>
    <subfield code="t">La navidad --</subfield>
    <subfield code="t">Nuestra verde navidad --</subfield>
    <subfield code="g">Poemas y autores :</subfield>
    <subfield code="t">La llegada del invierno --</subfield>
    <subfield code="r">Salom&#xE9; Ure&#xF1;a de Henr&#xED;quez /</subfield>
    <subfield code="t">Verde Navidad --</subfield>
    <subfield code="r">Clara de Lieger /</subfield>
    <subfield code="t">A buscar al ni&#xF1;o --</subfield>
    <subfield code="r">Gabriela Mistral /</subfield>
    <subfield code="t">EN la fiesta de los reyes --</subfield>
    <subfield code="r">Teresa de Jes&#xFA;s</subfield>
    <subfield code="t">No pasa el recuerdo --</subfield>
    <subfield code="r">Girasol (autor infantil) /</subfield>
    <subfield code="t">&#xBF;Qu&#xE9; le diste al ni&#xF1;o Dios? --</subfield>
    <subfield code="r">Lope de Vega /</subfield>
    <subfield code="t">Bel&#xE9;n, clave de salvaci&#xF3;n --</subfield>
    <subfield code="r">Jos&#xE9; Mart&#xED; /</subfield>
    <subfield code="t">Nochebuena --</subfield>
    <subfield code="r">Fabio Fiallo /</subfield>
    <subfield code="t">Balada amarilla del camellero --</subfield>
    <subfield code="r">Antonio Murciano /</subfield>
    <subfield code="t">Los tres reyes magos --</subfield>
    <subfield code="r">Rub&#xE9;n Dar&#xED;o /</subfield>
    <subfield code="t">Cena de noche buena --</subfield>
    <subfield code="r">Juan de Dios Peza /</subfield>
    <subfield code="t">Nochebuena --</subfield>
    <subfield code="r">Roberto G&#xF3;mez Bola&#xF1;os /</subfield>
    <subfield code="t">&#xA1;Hosanna en las alturas! --</subfield>
    <subfield code="r">Amado Nervo /</subfield>
    <subfield code="t">C&#xE1;nticos --</subfield>
    <subfield code="r">Juan Antonio Alix /</subfield>
    <subfield code="t">Borriquito Santo --</subfield>
    <subfield code="r">Juana de Ibarbourou /</subfield>
    <subfield code="g">Villancicos y aguinaldos :</subfield>
    <subfield code="t">Cantares de navidad --</subfield>
    <subfield code="r">Benito de Jes&#xFA;s /</subfield>
    <subfield code="t">Aguinaldo dominicano (canci&#xF3;n tradicional dominicana) --</subfield>
    <subfield code="t">Tun tun de navidad (merengue) --</subfield>
    <subfield code="r">folklore dominicano /</subfield>
    <subfield code="t">Pesebre (villancico) --</subfield>
    <subfield code="r">Lu&#xED;s Alberti /</subfield>
    <subfield code="t">Cuatro villancicos populares --</subfield>
    <subfield code="r">folklore dominicano /</subfield>
    <subfield code="t">Celebremos (villancico) --</subfield>
    <subfield code="r">Ram&#xF3;n D&#xED;az /</subfield>
    <subfield code="t">Navidad (bolero) --</subfield>
    <subfield code="r">Salvador Sturla /</subfield>
    <subfield code="t">En aquella esquina (aguinaldo) --</subfield>
    <subfield code="r">folklore dominicano /</subfield>
    <subfield code="t">Mi navidad (merengue) --</subfield>
    <subfield code="r">Vinicio Disla /</subfield>
    <subfield code="t">Ya se acercan los reyes (vals) --</subfield>
    <subfield code="r">Manuel Troncoso /</subfield>
    <subfield code="t">Ha nacido el salvador (villancico) --</subfield>
    <subfield code="r">Manuel Rueda /</subfield>
    <subfield code="g">Coloreando la navidad :</subfield>
    <subfield code="t">La historia de navidad para colorear /</subfield>
    <subfield code="g">Recetas navide&#xF1;as :</subfield>
    <subfield code="t">Preparaciones culinarias dominicanas para la temporada --</subfield>
  </datafield>
  <datafield tag="700" ind1="1" ind2="2">
    <subfield code="a">S&#xE1;nchez, Kin</subfield>
    <subfield code="e">sel.</subfield>
    <subfield code="9">73641</subfield>
  </datafield>
  <datafield tag="942" ind1=" " ind2=" ">
    <subfield code="2">ddc</subfield>
    <subfield code="c">LBS1</subfield>
  </datafield>
  <datafield tag="952" ind1=" " ind2=" ">
    <subfield code="0">0</subfield>
    <subfield code="1">0</subfield>
    <subfield code="7">1</subfield>
    <subfield code="8">PD</subfield>
    <subfield code="a">PD</subfield>
    <subfield code="b">PD</subfield>
    <subfield code="c">HD</subfield>
    <subfield code="d">2015-04-15</subfield>
    <subfield code="i">LF1</subfield>
    <subfield code="l">0</subfield>
    <subfield code="o"> </subfield>
    <subfield code="p">45577-10</subfield>
    <subfield code="r">2020-06-25</subfield>
    <subfield code="w">2020-06-25</subfield>
    <subfield code="y">LFPD</subfield>
    <subfield code="Z">No se presta</subfield>
  </datafield>
  <datafield tag="952" ind1=" " ind2=" ">
    <subfield code="0">0</subfield>
    <subfield code="1">0</subfield>
    <subfield code="7">1</subfield>
    <subfield code="8">PD</subfield>
    <subfield code="a">PD</subfield>
    <subfield code="b">PD</subfield>
    <subfield code="c">HD</subfield>
    <subfield code="d">2015-04-15</subfield>
    <subfield code="i">LF1</subfield>
    <subfield code="l">0</subfield>
    <subfield code="o"> </subfield>
    <subfield code="p">45577-20</subfield>
    <subfield code="r">2020-06-25</subfield>
    <subfield code="t">e. 2</subfield>
    <subfield code="w">2020-06-25</subfield>
    <subfield code="y">LFPD</subfield>
    <subfield code="Z">No se presta</subfield>
  </datafield>
  <datafield tag="999" ind1=" " ind2=" ">
    <subfield code="c">45066</subfield>
    <subfield code="d">45066</subfield>
  </datafield>
</record>
